| 000 | 00366nam a22001577a 4500 | ||
|---|---|---|---|
| 003 | OSt | ||
| 008 | 240509b |||||||| |||| 00| 0 eng d | ||
| 020 | _a9789356812185 | ||
| 082 | _a621 GKP | ||
| 100 | _aGARG,Vinit Ed | ||
| 245 | _aGATE-2024 Mechanical Engineering | ||
| 250 | _a1st Ed | ||
| 260 |
_aNew Delhi _bGK Pub _c2023 |
||
| 300 | _a1356 | ||
| 942 |
_2ddc _cREF |
||
| 999 |
_c12673 _d12673 |
||